| 000 | 01171nam a2200313 4500 | ||
|---|---|---|---|
| 001 | 000 | ||
| 005 | 20150415152528.0 | ||
| 007 | 000 | ||
| 008 | 000 | ||
| 010 | _a 91037360 | ||
| 020 | _a0199632782 | ||
| 020 | _a0199632774 (pbk.) | ||
| 040 |
_aUOEL _cDLC _dDLC |
||
| 050 | 0 | 0 |
_aQH455 _b.M65 1992 |
| 082 | 0 | 0 |
_a575.1/5 _220 |
| 245 | 0 | 0 |
_aMolecular genetic analysis of populations : _ba practical approach / _cedited by A.R. Hoelzel. |
| 260 |
_aOxford ; _aNew York : _bIRL Press at Oxford University Press, _cc1992. |
||
| 300 |
_axviii, 315 p. : _bill. ; _c25 cm. |
||
| 440 | 4 | _aThe Practical approach series | |
| 504 | _aIncludes bibliographical references and index. | ||
| 650 | 0 | _aPopulation genetics. | |
| 650 | 0 | _aMolecular genetics. | |
| 700 | 1 | _aHoelzel, A. Rus. | |
| 856 | 4 | 2 |
_3Publisher description _uhttp://www.loc.gov/catdir/enhancements/fy0638/91037360-d.html |
| 856 | 4 | 1 |
_3Table of contents only _uhttp://www.loc.gov/catdir/enhancements/fy0638/91037360-t.html |
| 906 |
_a7 _bcbc _corignew _d1 _eocip _f19 _gy-gencatlg |
||
| 942 |
_2lcc _cLL |
||
| 999 |
_c5141 _d5141 |
||